00305pab a2200121 454500008004000000100002200040245003400062260000900096300000900105362001200114650004400126773001300170180718b1987 xxu||||| |||| 00| 0 eng d aChattopadhyay, P. aMunicipal Finance Corporation c1987 a21-4 a17 Oct. aMunicipal Finance - India - West Bengal aCommerce